Principles of immunology (Record no. 394107)

MARC details
000 -LEADER
fixed length control field 00470 a2200193 4500
005 - DATE & TIME
control field 20260121163551.0
008 - FIXED-LENGTH DATA ELEMENTS--GENERAL INFORMATION
fixed length control field 260121b |||||||| |||| 00| 0 eng d
020 ## - ISBN
International Standard Book Number 9798898486198
Price $ 140.00
040 ## - CATALOGING SOURCE
Original cataloging agency VIVEKANANDA LIBRARY
082 ## - DDC NUMBER
Classification number 571.96
Book Number B575P
100 ## - MAIN ENTRY--PERSONAL NAME
Personal name Blair, Mills
245 ## - TITLE STATEMENT
Title Principles of immunology
260 ## - PUBLICATION, DISTRIBUTION, ETC. (IMPRINT)
Name of publisher, distributor, etc Cell Publishing
Date of publication, distribution, etc 2026
Place of publication, distribution, etc Wyoming
300 ## - PHYSICAL DESCRIPTION
Pages 254
650 ## - Subject
Subject Immunology
650 ## - Subject
Subject Physiology
650 ## - Subject
Subject Pathology
942 ## - ADDED ENTRY ELEMENTS (KOHA)
Koha item type Books
Holdings
Withdrawn status Lost status Source of classification or shelving scheme Damaged status Not for loan Location (home branch) Sublocation or collection (holding branch) Shelving location Date acquired Koha issues (times borrowed) Koha full call number Accession No. Koha date last seen Koha item type
    Dewey Decimal Classification     VIVEKANANDA LIBRARY VIVEKANANDA LIBRARY Vivekananda Library 05/01/2026   571.96 B575P 444200 05/01/2026 Books
© Designed and Maintained by Vivekananda Library, MDU Rohtak